Capitais dos Estados dos Estados Unidos - Statistics

Estatísticas Gerais
  • Esse quiz foi jogado 152 vezes
  • A pontuação média é 19 de 50
Estatísticas das Respostas
Estado Capital % Correto
Geórgia Atlanta
70%
Havaí Honolulu
67%
Arizona Phoenix
67%
Califórnia Sacramento
67%
Massachusetts Boston
63%
Colorado Denver
63%
Texas Austin
60%
Indiana Indianapolis
60%
Alabama Montgomery
60%
Alasca Juneau
57%
Carolina do Sul Columbia
53%
Nova Iorque Albany
50%
Utah Salt Lake City
47%
Ilinóis Springfield
47%
Luisiana Baton Rouge
43%
Idaho Boise
43%
Ohio Columbus
43%
Arcansas Little Rock
43%
Oklahoma Oklahoma City
43%
Marilândia Annapolis
40%
Carolina do Norte Raleigh
40%
Minnesota Saint Paul
40%
Novo México Santa Fe
40%
Maine Augusta
37%
Nevada Carson City
37%
Flórida Tallahassee
37%
Iowa Des Moines
33%
Delaware Dover
33%
Missúri Jefferson City
33%
Tennessee Nashville
33%
Washington Olympia
33%
Oregon Salem
33%
Cansas Topeka
33%
Pensilvânia Harrisburg
30%
Nebrasca Lincoln
30%
Vermont Montpelier
30%
Kentucky Frankfort
27%
Montana Helena
27%
Mississíppi Jackson
27%
Dacota do Sul Pierre
27%
Dacota do Norte Bismarck
23%
Wyoming Cheyenne
23%
Michigan Lansing
23%
Nova Jérsia Trenton
23%
Conecticute Hartford
20%
Ilha de Rodes Providence
20%
Virgínia Richmond
20%
Virgínia Ocidental Charleston
17%
Wisconsin Madison
17%
Nova Hampshire Concord
13%
Nenhum quiz correspondente encontrado
Distribuição das Pontuações
Porcentagem de Pessoas com Cada Pontuação
Percentil de Números Respondidos
Sua Pontuação Histórica
Você não jogou esse quiz